Národné stratégie umelej inteligencie vo vzdelávaní

Príspevok sa zameriava opis a porovnanie politík a národných stratégií umelej inteligencie vo vzdelávaní. Ich východiskom sú dokumentu Európskej komisie a partnerských inštitúcií na globálnej úrovni, ako sú Digitálny akčný plán, Biela kniha o umelej inteligencii a Zákon o umelej inteligencii. Politi...

Descrizione completa

Salvato in:
Dettagli Bibliografici
Autore principale: Janošková, Mária, 1965-
Altri autori: Weiss, Erik, 1979-
Natura: Capitolo di libro
Lingua:slovacco
Soggetti:
Tags: Aggiungi Tag
Nessun Tag, puoi essere il primo ad aggiungerne!!

MARC

LEADER 00000naa$a2200000$$$4500
001 0312776
005 20251015081630.6
041 0 |a slo 
044 |a SK 
245 1 0 |a Národné stratégie umelej inteligencie vo vzdelávaní  |c Mária Janošková, Erik Weiss 
520 |a Príspevok sa zameriava opis a porovnanie politík a národných stratégií umelej inteligencie vo vzdelávaní. Ich východiskom sú dokumentu Európskej komisie a partnerských inštitúcií na globálnej úrovni, ako sú Digitálny akčný plán, Biela kniha o umelej inteligencii a Zákon o umelej inteligencii. Politiky a stratégie EÚ v oblasti AI vo vzdelávaní vytvárajú komplexný a dynamicky sa vyvíjajúci rámec, ktorý zdôrazňuje zodpovednosť, rovnosť a transparentnosť ako kľúčové princípy. 
610 2 0 |a Európska komisia 
610 2 0 |a digitalizácia 
610 2 0 |a zákony 
610 2 0 |a inteligencia umelá 
610 2 0 |a vzdelanie 
100 1 |a Janošková, Mária, 1965- 
700 1 |a Weiss, Erik, 1979-